| 000 | 00651nam a2200229 i 4500 | ||
|---|---|---|---|
| 001 | 66836 | ||
| 003 | ES-MaACL | ||
| 005 | 20250704063113.0 | ||
| 007 | t| | ||
| 008 | 030620s2003 sp ||||0| spa d | ||
| 020 | _a84-8444-664-6 | ||
| 040 |
_aM-BN _bspa _cM-BN |
||
| 080 | _a821.134.2-92"19" | ||
| 100 | 1 |
_aGarcía-Posada, Miguel, _d1944-2012 _955131 |
|
| 245 | 1 | 0 |
_aDe libros y desprestigios / _cMiguel García-Posada. |
| 260 |
_aAlbolote (Granada) : _bComares, _c2003. |
||
| 300 |
_a177 p. ; _c21 cm. |
||
| 490 | 1 | _aLa veleta | |
| 830 | 0 |
_aLa veleta _9178640 |
|
| 852 |
_aES-MaACL _jL-27362 _bR.132969 |
||
| 999 |
_c66836 _d66836 |
||